| 000 | 00543nam a22001937a 4500 | ||
|---|---|---|---|
| 005 | 20251108172528.0 | ||
| 008 | 250721s9999 xx 000 0 ara d | ||
| 082 | 1 | 4 | _a189/ارك |
| 100 | 1 | _aأركون، محمد | |
| 245 | 1 | 0 | _aفكر الإسلامي : نقد و إجتهاد / |
| 250 | _aط3 | ||
| 264 | 1 |
_aبيروت : _bدار الساقي، |
|
| 300 | _a339 | ||
| 650 | 1 | 7 | _aالفلسفة الإسلامية |
| 650 | 1 | 7 | _aعلم الكلام |
| 700 | 1 |
_aصالح، هاشم _eمترجم |
|
| 942 |
_2ddc _cBK |
||
| 999 |
_c81674 _d81674 |
||